Scripta. II /

Detalles Bibliográficos
Autor principal: Palomo-Silva, Roberto (Autor)
Formato: Electrónico eBook
Lenguaje:español
inglés
Publicado: Ciudad de Guatemala, Guatemala : Universidad Rafael Landívar, Editorial Cara Parens, 2023.
Edición:Primera edición en formato digital.
Materias:
Acceso en línea:Digitalia Hispánica

MARC

LEADER 00000nam a2200000Ii 4500
001 DIGCARPAR0031
003 NyNyDIG
006 m o d
007 cr |||||||||||
008 240606s2023 gt a ob 000 0 spa d
035 |a (OCoLC)1437905154 
040 |a DGITA  |b eng  |e rda  |e pn  |c DGITA 
020 |a 9789929545762  |q edición digital  |q ePub 
020 |a 9789929545755  |q edición digital  |q pdf 
020 |z 9789929545748  |q edición física 
041 0 |a spa  |h eng 
050 1 4 |a B829.5ebook 
100 1 |a Palomo-Silva, Roberto,  |e author. 
245 1 0 |a Scripta.  |n II /  |c Roberto Palomo-Silva. 
250 |a Primera edición en formato digital. 
264 1 |a Ciudad de Guatemala, Guatemala :  |b Universidad Rafael Landívar, Editorial Cara Parens,  |c 2023. 
300 |a 1 online resource :  |b illustrations. 
336 |a text  |b txt  |2 rdacontent 
337 |a computer  |b c  |2 rdamedia 
338 |a online resource  |b cr  |2 rdacarrier 
347 |a text file  |2 rdaft 
347 |b EPUB 
504 |a Includes bibliographical references. 
546 |a Text mainly in Spanish with some articles in English. 
588 0 |a Online resource; title from ePub title page (Digitalia, viewed June 6, 2024) 
650 0 |a Phenomenology. 
650 0 |a Hermeneutics. 
650 0 |a Ontology. 
791 2 |a Digitalia (Firm),  |e distributor. 
793 0 |g Digitalia eBook Collection:  |a Editorial Cara Parens 
776 0 8 |i Print version:  |a Palomo-Silva, Roberto.  |t Scripta. II.  |d Ciudad de Guatemala, Guatemala : Universidad Rafael Landívar, Editorial Cara Parens, 2023  |z 9789929545748 
856 4 0 |3 Digitalia Hispánica  |u https://www.digitaliapublishing.com/a/137072/ 
910 |a Premium collection: 2024